• 首页
  • 本馆介绍
  • 公告通知
  • 最新文献
  • 馆藏检索
  • 电子资源
  • 读者导购
  • 参考咨询
  • 我的图书馆
  • 登录
  • 详细信息显示
  • 放入我的书架
  • 预约/预借图书
  • 作者相关作品
  • 分类相关作品
  • 丛书相关作品
  • 出版社相关作品

书目信息

  • 表格格式
  • 工作单格式
  • 卡片格式
题名:
个人大数据
    
 
作者: 古林 , 斯密顿 , 多赫提 著 ;王鹏 , 秦永强 译著
分册:  
出版信息: 北京   电子工业出版社  2018.07
页数: 156页
开本: 21cm
丛书名:
单 册:
中图分类: TP368.33
科图分类:
主题词: 便携式计算机
电子资源:
ISBN: 978-7-121-33959-2
000 01318nam0 2200277 450
001 5760
005 20181024131625.66
010    @a978-7-121-33959-2@dCNY46.00
100    @a20180913d2018 em y0chiy50 ea
101 1  @achi@ceng
102    @aCN@b110000
105    @aa z 000yy
200 1  @a个人大数据@9ge ren da shu ju@e可穿戴计算改变人类生活@f(爱尔兰)卡哈尔·古林(Cathal Gurrin),(爱尔兰)艾伦·斯密顿(Alan F. Smeaton),(爱尔兰)艾登·多赫提(Aiden R. Doherty)著@g王鹏,秦永强译著
210    @a北京@c电子工业出版社@d2018.07
215    @a156页@c图@d21cm
330    @a本书对生活记录的多方面进行了全面的总结,其中包括生活记录的研究进程、当前的技术以及主要应用等。迄今为止,大多数生活日志的研究都聚焦于视觉生活日志,即通过视觉媒体记录生活中行为的细节。因此,视觉生活记录也是本书的核心研究内容。除此之外,本书也涉及到在生活记录研究过程中遇到的关于信息检索领域的诸多挑战。
510 1  @aLifeLogging: personal big data@zeng
606 0  @a便携式计算机
690    @aTP368.33@v5
701  0 @c(爱尔兰)@a古林@9gu lin@c(Gurrin, Cathal)@4著
701  0 @c(爱尔兰)@a斯密顿@9si mi dun@c(Smeaton, Alan F.)@4著
701  0 @c(爱尔兰)@a多赫提@9duo he ti@c(Doherty, Aiden R.)@4著
702  0 @a王鹏@9wang peng@4译著
702  0 @a秦永强@9qin yong qiang@4译著
801  0 @aCN@b91MARC@c20180913
905    @aMuseLib@dTP368.33@e584
    
    个人大数据:可穿戴计算改变人类生活/(爱尔兰)卡哈尔·古林(Cathal Gurrin),(爱尔兰)艾伦·斯密顿(Alan F. Smeaton),(爱尔兰)艾登·多赫提(Aiden R. Doherty)著/王鹏,秦永强译著.-北京:电子工业出版社,2018.07
    156页:图;21cm
    
    
    ISBN 978-7-121-33959-2:CNY46.00
    本书对生活记录的多方面进行了全面的总结,其中包括生活记录的研究进程、当前的技术以及主要应用等。迄今为止,大多数生活日志的研究都聚焦于视觉生活日志,即通过视觉媒体记录生活中行为的细节。因此,视觉生活记录也是本书的核心研究内容。除此之外,本书也涉及到在生活记录研究过程中遇到的关于信息检索领域的诸多挑战。
●
相关链接 在E读中查询图书 在五车中查询图书 在当当中查询图书 在豆瓣中查询图书


正题名:个人大数据     索取号:TP368.33/584         预约/预借

序号 登录号 条形码 馆藏地/架位号 状态 备注
1 1130884   211308841   第二样本阅览室/ [索取号:TP368.33/584] 在馆    
2 1130885   211308850   第三借阅区/ [索取号:TP368.33/584] 在馆    
3 1130886   211308869   第三借阅区/ [索取号:TP368.33/584] 在馆    
4 1130887   211308878   第三借阅区/ [索取号:TP368.33/584] 在馆    
5 1130888   211308887   计算机科学系资料室/ [索取号:TP368.33/584] 在馆    
唐山师范学院图书馆 欢迎您!
大连网信软件有限公司© 版权所有